Mistrovství v Microsoft Office Access 2003 : Access 2003 do posledního detailu
Na minha lista:
| Autor principal: | |
|---|---|
| Formato: | Livro |
| Idioma: | tcheco |
| Publicado em: |
Brno :
Computer Press,
2005
|
| Edição: | 1. vyd. |
| Assuntos: | |
| Tags: |
Sem tags, seja o primeiro a adicionar uma tag!
|
MARC
| LEADER | 00000nam a22000003a 4500 | ||
|---|---|---|---|
| 001 | stu177094 | ||
| 005 | 20150617230044.4 | ||
| 008 | 081210s2005----xr------------------cze-d | ||
| 020 | |a 80-251-0537-7 | ||
| 040 | |a STU |b slo | ||
| 041 | 0 | |a cze | |
| 044 | |a xr | ||
| 080 | |a 004.65 |7 stu_us_auth*stu8852 | ||
| 100 | 1 | |a Viescas, John L |4 aut | |
| 245 | 1 | |a Mistrovství v Microsoft Office Access 2003 : |b Access 2003 do posledního detailu | |
| 250 | |a 1. vyd. | ||
| 260 | |a Brno : |b Computer Press, |c 2005 | ||
| 300 | |a 960 s | ||
| 650 | 7 | |a databázové systémy |2 stusub | |
| 996 | |b 284J034799 |c J*110599 |l JJSK |s A |a 24 |w stu177094_0001 | ||